|
|
|
|
| LEADER |
00000nab a2200000 a 4500 |
| 001 |
vtls000920908 |
| 003 |
SK-MaSNL |
| 005 |
20260303033951.0 |
| 008 |
040720e19921006xo 0 slo |
| 035 |
|
|
|a KE29785
|
| 040 |
|
|
|a KEVKJB
|b slo
|c KEVKJB
|e AACR2
|
| 041 |
0 |
|
|a slo
|
| 044 |
|
|
|a xo
|c SK
|
| 080 |
|
|
|a 801.311.1
|2 1981
|
| 080 |
|
|
|a 323.15:061.25
|2 1981
|
| 100 |
1 |
|
|a Figliarová, Helena
|4 aut
|9 881654
|
| 245 |
1 |
0 |
|a Stratí sa Zádiel z máp?
|b Pribúda obcí s maďarskými názvami
|c Helena Figliarová
|
| 650 |
0 |
7 |
|a národnostné otázky
|2 KEVKJB
|9 555579
|
| 650 |
0 |
7 |
|a názvy obcí
|2 KEVKJB
|9 23789
|
| 650 |
0 |
7 |
|a slovenská národnosť
|2 KEVKJB
|9 31234
|
| 650 |
0 |
7 |
|a maďarská národnosť
|2 KEVKJB
|9 1018559
|
| 650 |
0 |
7 |
|a spolunažívanie občanov
|2 KEVKJB
|9 1018560
|
| 650 |
0 |
7 |
|a maďarské názvy obcí
|z Slovensko
|2 KEVKJB
|9 1018561
|
| 651 |
|
7 |
|a Zádiel (Slovensko)
|2 KEVKJB
|9 31701
|
| 651 |
|
7 |
|a Dvorníky (Hlohovec, Slovensko)
|2 KEVKJB
|9 30781
|
| 655 |
|
7 |
|a reportáže
|2 KEVKJB
|9 28856
|
| 773 |
0 |
8 |
|t Lúč
|g Roč. 1, č. 8 (6.10.1992), s. 3
|
| 852 |
|
|
|a ZVYKNI
|b KIS3GCP
|
| 999 |
|
|
|c 1671893
|d 1673823
|